[Event "V4Liptov2018"]
[Site "?"]
[Date "2018.06.23"]
[Round "2.10"]
[White "Paprocki, Stanislaw"]
[Black "Bochnicka, Vladimir"]
[Result "0-1"]
[BlackElo "2016"]
[WhiteElo "1864"]
[LiveChessVersion "1.4.8"]

1. e4 {[%clk 1:00:59]} c5 {[%clk 1:00:51]} 2. Nf3 {[%clk 1:01:27]} Nc6
{[%clk 1:01:11]} 3. d4 {[%clk 1:01:35]} cxd4 {[%clk 1:01:34]} 4. Nxd4
{[%clk 1:01:35]} Nf6 {[%clk 1:01:50]} 5. f3 {[%clk 1:01:15]} e5 {[%clk 1:01:25]}
6. Nb5 {[%clk 1:01:25]} d6 {[%clk 0:58:53]} 7. c4 {[%clk 1:01:31]} a6
{[%clk 0:51:41]} 8. N5a3 {[%clk 1:00:57]} Be7 {[%clk 0:45:12]} 9. Be3
{[%clk 1:01:00]} O-O {[%clk 0:45:25]} 10. Nc3 {[%clk 1:00:42]} Nh5
{[%clk 0:43:17]} 11. Nd5 {[%clk 0:58:11]} Qa5+ {[%clk 0:36:25]} 12. Qd2
{[%clk 0:55:07]} Qxd2+ {[%clk 0:36:13]} 13. Kxd2 {[%clk 0:55:09]} Bd8
{[%clk 0:35:32]} 14. g4 {[%clk 0:54:39]} Nf6 {[%clk 0:35:40]} 15. Nc2
{[%clk 0:54:40]} Nxd5 {[%clk 0:34:39]} 16. exd5 {[%clk 0:54:24]} Ne7
{[%clk 0:34:09]} 17. Be2 {[%clk 0:52:04]} f5 {[%clk 0:33:52]} 18. h3
{[%clk 0:51:27]} Ng6 {[%clk 0:30:33]} 19. Rad1 {[%clk 0:50:19]} Bd7
{[%clk 0:29:19]} 20. b4 {[%clk 0:47:02]} a5 {[%clk 0:26:36]} 21. a3
{[%clk 0:46:52]} b6 {[%clk 0:22:57]} 22. Rb1 {[%clk 0:44:37]} Nf4
{[%clk 0:21:04]} 23. Bxf4 {[%clk 0:43:04]} exf4 {[%clk 0:21:31]} 24. Bd3
{[%clk 0:41:49]} axb4 {[%clk 0:19:18]} 25. axb4 {[%clk 0:42:05]} Bf6
{[%clk 0:19:35]} 26. Rhe1 {[%clk 0:40:50]} Rfc8 {[%clk 0:17:35]} 27. b5
{[%clk 0:37:53]} Ra2 {[%clk 0:12:28]} 28. Rb3 {[%clk 0:36:56]} Rca8
{[%clk 0:12:08]} 29. Bxf5 {[%clk 0:35:38]} Bxf5 {[%clk 0:12:23]} 30. gxf5
{[%clk 0:36:07]} Be5 {[%clk 0:10:54]} 31. Kd3 {[%clk 0:33:37]} Kf7
{[%clk 0:09:12]} 32. Re2 {[%clk 0:24:43]} Kf6 {[%clk 0:07:07]} 33. Re4
{[%clk 0:19:10]} Kxf5 {[%clk 0:05:48]} 34. Rb1 {[%clk 0:17:29]} g5
{[%clk 0:05:05]} 35. Rg1 {[%clk 0:17:17]} Rb2 {[%clk 0:04:11]} 36. Re2
{[%clk 0:14:38]} Raa2 {[%clk 0:01:46]} 37. Reg2 {[%clk 0:13:36]} h6
{[%clk 0:01:38]} 38. h4 {[%clk 0:12:15]} Rb3+ {[%clk 0:01:52]} 39. Kd2
{[%clk 0:12:23]} Bd4 {[%clk 0:01:26]} 40. Rd1 {[%clk 0:10:32]} Bc3+
{[%clk 0:01:02]} 41. Kc1 {[%clk 0:09:39]} Rab2 {[%clk 0:01:03]} 42. Ne1
{[%clk 0:09:03]} Rb1+ {[%clk 0:00:36]} 43. Kc2 {[%clk 0:09:23]} R1b2+
{[%clk 0:00:56]} 44. Kc1 {[%clk 0:09:38]} Rb1+ {[%clk 0:01:05]} 45. Kc2
{[%clk 0:09:57]} Rxd1 {[%clk 0:01:20]} 46. Kxd1 {[%clk 0:10:23]} Bxe1
{[%clk 0:01:24]} 47. Kxe1 {[%clk 0:10:49]} Rxf3 {[%clk 0:01:29]} 48. hxg5
{[%clk 0:11:09]} hxg5 {[%clk 0:01:53]} 49. Rc2 {[%clk 0:11:31]} g4
{[%clk 0:02:07]} 50. Ke2 {[%clk 0:11:57]} Rb3 {[%clk 0:02:07]} 51. Kf2
{[%clk 0:12:09]} g3+ {[%clk 0:02:22]} 52. Kg2 {[%clk 0:12:34]} Kg4
{[%clk 0:02:41]} 0-1

[Event "V4Liptov2018"]
[Site "?"]
[Date "2018.06.23"]
[Round "2.11"]
[White "Vozarova, Adriana"]
[Black "Paprocki, Antoni"]
[Result "0-1"]
[BlackElo "1804"]
[WhiteElo "1773"]
[LiveChessVersion "1.4.8"]

1. e4 {[%clk 1:00:30]} c5 {[%clk 1:00:52]} 2. Nf3 {[%clk 1:00:51]} d6
{[%clk 1:01:15]} 3. d4 {[%clk 1:00:59]} cxd4 {[%clk 1:01:35]} 4. Nxd4
{[%clk 1:01:15]} Nf6 {[%clk 1:01:59]} 5. Nc3 {[%clk 1:01:27]} a6 {[%clk 1:02:17]}
6. f3 {[%clk 1:00:57]} e5 {[%clk 1:02:22]} 7. Nb3 {[%clk 1:00:46]} Be6
{[%clk 1:02:41]} 8. Be3 {[%clk 0:58:33]} Be7 {[%clk 1:03:03]} 9. Qd2
{[%clk 0:57:17]} O-O {[%clk 1:03:24]} 10. O-O-O {[%clk 0:55:54]} a5
{[%clk 1:03:32]} 11. Bb5 {[%clk 0:41:59]} Nbd7 {[%clk 1:01:22]} 12. f4
{[%clk 0:36:00]} Ng4 {[%clk 1:00:14]} 13. Kb1 {[%clk 0:29:23]} Nxe3
{[%clk 0:57:50]} 14. Qxe3 {[%clk 0:29:35]} exf4 {[%clk 0:57:36]} 15. Qxf4
{[%clk 0:28:57]} Rc8 {[%clk 0:50:58]} 16. Nd4 {[%clk 0:25:19]} Ne5
{[%clk 0:42:53]} 17. Nf5 {[%clk 0:19:09]} Bxf5 {[%clk 0:42:37]} 18. exf5
{[%clk 0:19:02]} Rxc3 {[%clk 0:39:24]} 19. bxc3 {[%clk 0:17:46]} Qb6
{[%clk 0:39:48]} 20. Qa4 {[%clk 0:12:51]} Rc8 {[%clk 0:39:20]} 21. Qb3
{[%clk 0:12:11]} Rc5 {[%clk 0:37:03]} 22. Be2 {[%clk 0:08:12]} Qc6
{[%clk 0:35:51]} 23. c4 {[%clk 0:03:15]} Nxc4 {[%clk 0:31:24]} 24. Bxc4
{[%clk 0:03:38]} Rxc4 {[%clk 0:31:44]} 25. a3 {[%clk 0:02:27]} Rc3
{[%clk 0:29:29]} 26. Qb2 {[%clk 0:01:18]} Bf6 {[%clk 0:28:23]} 27. Qc1
{[%clk 0:00:34]} Qb5+ {[%clk 0:28:32]} 28. Ka2 {[%clk 0:00:48]} Qc4+
{[%clk 0:28:47]} 29. Kb1 {[%clk 0:01:11]} Rb3+ {[%clk 0:28:24]} 30. Ka2
{[%clk 0:00:34]} Rb2+ {[%clk 0:28:48]} 0-1

[Event "V4Liptov2018"]
[Site "?"]
[Date "2018.06.23"]
[Round "2.12"]
[White "Pudelko, Magdalena"]
[Black "Valigursky, Michal"]
[Result "0-1"]
[BlackElo "1623"]
[WhiteElo "1251"]
[LiveChessVersion "1.4.8"]

1. e4 {[%clk 1:00:59]} c5 {[%clk 1:00:53]} 2. Nf3 {[%clk 1:01:20]} Nc6
{[%clk 1:01:14]} 3. d4 {[%clk 1:01:43]} cxd4 {[%clk 1:01:37]} 4. Nxd4
{[%clk 1:02:08]} g6 {[%clk 1:01:48]} 5. Be3 {[%clk 1:02:11]} Bg7 {[%clk 1:02:05]}
6. Qd2 {[%clk 1:02:30]} Nf6 {[%clk 1:02:17]} 7. f3 {[%clk 1:02:36]} d5
{[%clk 1:01:54]} 8. Nxc6 {[%clk 1:02:04]} bxc6 {[%clk 1:02:08]} 9. Bh6
{[%clk 1:01:32]} O-O {[%clk 1:02:12]} 10. Bxg7 {[%clk 1:01:31]} Kxg7
{[%clk 1:02:32]} 11. e5 {[%clk 1:00:59]} Nd7 {[%clk 1:01:49]} 12. f4
{[%clk 1:01:16]} Nc5 {[%clk 1:00:52]} 13. Nc3 {[%clk 1:00:34]} Rb8
{[%clk 0:58:31]} 14. b3 {[%clk 0:57:54]} Qb6 {[%clk 0:55:57]} 15. Be2
{[%clk 0:56:50]} Rd8 {[%clk 0:54:55]} 16. Qd4 {[%clk 0:52:35]} Ne6
{[%clk 0:53:08]} 17. Qxb6 axb6 {[%clk 0:52:49]} 18. O-O {[%clk 0:52:59]} Nd4
{[%clk 0:51:39]} 19. Bd3 {[%clk 0:52:34]} c5 {[%clk 0:51:03]} 20. Ne2
{[%clk 0:51:55]} Nf5 {[%clk 0:49:53]} 21. Rac1 {[%clk 0:47:05]} Ne3
{[%clk 0:46:55]} 22. Rf3 {[%clk 0:46:22]} d4 {[%clk 0:46:57]} 23. Ng3
{[%clk 0:45:34]} Bg4 {[%clk 0:38:19]} 24. Rf2 {[%clk 0:44:22]} b5
{[%clk 0:33:32]} 25. h3 {[%clk 0:44:27]} Bf5 {[%clk 0:30:15]} 26. Bxf5
{[%clk 0:44:32]} gxf5 {[%clk 0:29:18]} 27. Nf1 {[%clk 0:43:59]} Nd5
{[%clk 0:28:33]} 28. Re1 {[%clk 0:41:14]} e6 {[%clk 0:28:03]} 29. Ng3
{[%clk 0:36:27]} c4 {[%clk 0:25:26]} 30. Rd1 {[%clk 0:35:36]} Nc3
{[%clk 0:25:25]} 31. Rdd2 {[%clk 0:34:58]} Ne4 {[%clk 0:23:02]} 32. Nxe4
{[%clk 0:35:17]} fxe4 {[%clk 0:23:24]} 33. Rfe2 {[%clk 0:35:23]} c3
{[%clk 0:21:38]} 34. Rd1 {[%clk 0:35:43]} d3 {[%clk 0:21:42]} 35. Ree1
{[%clk 0:34:52]} dxc2 {[%clk 0:21:09]} 36. Rc1 {[%clk 0:35:19]} Rd2
{[%clk 0:20:41]} 37. Kh2 {[%clk 0:35:36]} Kg6 {[%clk 0:15:03]} 38. Rxe4
{[%clk 0:35:25]} Kf5 {[%clk 0:15:16]} 39. Rb4 {[%clk 0:35:09]} Rg8
{[%clk 0:14:58]} 40. Rxb5 {[%clk 0:34:47]} Rdxg2+ {[%clk 0:14:31]} 41. Kh1
{[%clk 0:35:02]} Rg1+ {[%clk 0:14:58]} 42. Rxg1 {[%clk 0:35:13]} Rxg1+
{[%clk 0:15:23]} 43. Kxg1 {[%clk 0:35:12]} c1=Q+ {[%clk 0:15:49]} 44. Kf2
{[%clk 0:35:26]} Qd2+ {[%clk 0:16:07]} 45. Kg3 {[%clk 0:33:40]} Qxf4+
{[%clk 0:16:25]} 46. Kg2 {[%clk 0:33:59]} c2 {[%clk 0:16:18]} 47. a4
{[%clk 0:34:22]} c1=R {[%clk 0:16:38]} 48. a5 {[%clk 0:34:42]} Rc2+
{[%clk 0:17:00]} 49. Kg1 {[%clk 0:35:03]} Qc1# 0-1

[Event "V4Liptov2018"]
[Site "?"]
[Date "2018.06.23"]
[Round "2.13"]
[White "Sankova, Stella"]
[Black "Lengyel, Andrea"]
[Result "1/2-1/2"]
[BlackElo "1938"]
[WhiteElo "2102"]
[LiveChessVersion "1.4.8"]

1. e4 {[%clk 1:00:57]} c5 {[%clk 1:00:58]} 2. Nc3 {[%clk 1:01:24]} Nc6
{[%clk 1:01:19]} 3. f4 {[%clk 1:01:50]} d6 {[%clk 1:01:22]} 4. Nf3
{[%clk 1:02:13]} g6 {[%clk 1:01:43]} 5. Bb5 {[%clk 1:02:39]} Bg7 {[%clk 1:02:01]}
6. O-O {[%clk 1:02:57]} e6 {[%clk 0:58:30]} 7. Bxc6+ {[%clk 1:03:19]} bxc6
{[%clk 0:58:58]} 8. d3 {[%clk 1:03:21]} Ne7 {[%clk 0:58:23]} 9. Qe1
{[%clk 1:02:23]} Ba6 {[%clk 0:54:46]} 10. Bd2 {[%clk 0:58:22]} c4
{[%clk 0:51:37]} 11. d4 {[%clk 0:58:22]} Qb6 {[%clk 0:46:37]} 12. Rb1
{[%clk 0:53:42]} e5 {[%clk 0:41:58]} 13. Na4 {[%clk 0:48:42]} Qb5
{[%clk 0:35:49]} 14. Nc3 {[%clk 0:49:08]} Qb6 {[%clk 0:36:10]} 15. fxe5
{[%clk 0:47:47]} dxe5 {[%clk 0:36:16]} 16. Na4 {[%clk 0:45:48]} Qb5
{[%clk 0:35:56]} 17. Nc3 {[%clk 0:45:48]} Qb6 {[%clk 0:36:16]} 18. Na4
{[%clk 0:42:53]} Qb5 {[%clk 0:36:40]} 19. Nc3 {[%clk 0:41:42]} Qb6
{[%clk 0:37:00]} 20. Na4 {[%clk 0:39:51]} 1/2-1/2

[Event "V4Liptov2018"]
[Site "?"]
[Date "2018.06.23"]
[Round "2.14"]
[White "Zlotov, Viktor"]
[Black "Bielik, Jakub"]
[Result "1-0"]
[BlackElo "1975"]
[WhiteElo "1630"]
[LiveChessVersion "1.4.8"]

1. e4 {[%clk 1:00:58]} e6 {[%clk 1:00:16]} 2. d4 {[%clk 1:01:19]} d5
{[%clk 1:00:38]} 3. Nc3 {[%clk 1:01:34]} Nf6 {[%clk 1:01:05]} 4. Bg5
{[%clk 1:01:21]} dxe4 {[%clk 1:01:24]} 5. Nxe4 {[%clk 1:01:28]} Be7
{[%clk 1:01:50]} 6. Bxf6 {[%clk 1:01:30]} gxf6 {[%clk 1:02:16]} 7. Nf3
{[%clk 1:00:41]} a6 {[%clk 1:02:25]} 8. Qd2 {[%clk 0:57:50]} f5 {[%clk 1:02:03]}
9. Nc3 {[%clk 0:57:59]} b5 {[%clk 1:01:47]} 10. a3 {[%clk 0:56:43]} Bb7
{[%clk 1:02:09]} 11. Be2 {[%clk 0:54:19]} Nd7 {[%clk 1:01:50]} 12. Qh6
{[%clk 0:52:40]} Bd6 {[%clk 0:56:43]} 13. O-O-O {[%clk 0:50:01]} Qf6
{[%clk 0:56:46]} 14. Qxf6 {[%clk 0:48:24]} Nxf6 {[%clk 0:57:09]} 15. h3
{[%clk 0:48:01]} Rg8 {[%clk 0:49:37]} 16. Rhg1 {[%clk 0:43:11]} Nd5
{[%clk 0:45:45]} 17. Nxd5 {[%clk 0:42:23]} Bxd5 {[%clk 0:46:07]} 18. g3
{[%clk 0:41:16]} f6 {[%clk 0:44:16]} 19. Nd2 {[%clk 0:38:07]} O-O-O
{[%clk 0:41:20]} 20. c4 {[%clk 0:37:17]} Bc6 {[%clk 0:35:46]} 21. c5
{[%clk 0:36:22]} Bf8 {[%clk 0:35:51]} 22. Nb3 {[%clk 0:35:59]} Be4
{[%clk 0:34:10]} 23. Kd2 {[%clk 0:28:35]} e5 {[%clk 0:29:58]} 24. Kc3
{[%clk 0:26:32]} exd4+ {[%clk 0:25:31]} 25. Rxd4 {[%clk 0:26:50]} Rxd4
{[%clk 0:25:46]} 26. Kxd4 {[%clk 0:26:58]} Be7 {[%clk 0:25:59]} 27. Rc1
{[%clk 0:23:48]} Rd8+ {[%clk 0:25:48]} 28. Ke3 {[%clk 0:23:45]} Bf8
{[%clk 0:25:16]} 29. f4 {[%clk 0:23:14]} c6 {[%clk 0:21:25]} 30. Nd4
{[%clk 0:22:13]} Re8 {[%clk 0:20:39]} 31. Kf2 {[%clk 0:20:55]} Bh6
{[%clk 0:18:34]} 32. h4 {[%clk 0:19:56]} Kb7 {[%clk 0:16:07]} 33. b4
{[%clk 0:19:59]} a5 {[%clk 0:13:29]} 34. Ra1 {[%clk 0:17:22]} Ra8
{[%clk 0:12:09]} 35. Nb3 {[%clk 0:16:03]} Bf8 {[%clk 0:04:27]} 36. Nxa5+
{[%clk 0:14:33]} Rxa5 {[%clk 0:04:47]} 37. bxa5 {[%clk 0:14:54]} Bxc5+
{[%clk 0:05:14]} 38. Ke1 {[%clk 0:14:49]} Bd5 {[%clk 0:01:54]} 39. a6+
{[%clk 0:13:10]} Ka7 {[%clk 0:01:08]} 40. Rd1 {[%clk 0:12:05]} Kxa6
{[%clk 0:00:35]} 41. a4 {[%clk 0:12:25]} Bb4+ {[%clk 0:00:45]} 42. Kf1
{[%clk 0:12:41]} Be4 {[%clk 0:00:34]} 43. axb5+ {[%clk 0:12:47]} cxb5
{[%clk 0:01:03]} 44. Rd7 {[%clk 0:12:41]} h6 {[%clk 0:01:20]} 45. Rh7
{[%clk 0:12:41]} Bf8 {[%clk 0:01:01]} 46. Rf7 {[%clk 0:13:01]} Bc5
{[%clk 0:01:09]} 47. Rxf6+ {[%clk 0:13:11]} Ka5 {[%clk 0:01:36]} 48. Rxh6
{[%clk 0:13:29]} b4 {[%clk 0:01:41]} 49. Ra6# {[%clk 0:13:51]} 1-0

[Event "V4Liptov2018"]
[Site "?"]
[Date "2018.06.23"]
[Round "2.15"]
[White "Zahorcek, Jakub"]
[Black "Grimm, Balazs"]
[Result "1/2-1/2"]
[BlackElo "1731"]
[WhiteElo "1579"]
[LiveChessVersion "1.4.8"]

1. d4 {[%clk 1:00:56]} d5 {[%clk 1:00:52]} 2. c4 {[%clk 1:01:11]} c6
{[%clk 1:01:15]} 3. Nc3 {[%clk 1:00:52]} Nf6 {[%clk 1:01:38]} 4. Bf4
{[%clk 1:01:03]} g6 {[%clk 1:00:50]} 5. e3 {[%clk 1:00:05]} Bg7 {[%clk 1:01:04]}
6. Nf3 {[%clk 0:59:55]} O-O {[%clk 1:01:22]} 7. Be2 {[%clk 0:58:25]} Nbd7
{[%clk 0:59:50]} 8. cxd5 {[%clk 0:57:38]} Nxd5 {[%clk 0:59:52]} 9. Nxd5
{[%clk 0:57:24]} cxd5 {[%clk 1:00:16]} 10. O-O {[%clk 0:57:37]} Re8
{[%clk 0:57:44]} 11. Rc1 {[%clk 0:54:19]} e5 {[%clk 0:56:50]} 12. dxe5
{[%clk 0:50:29]} Nxe5 {[%clk 0:57:08]} 13. Qb3 {[%clk 0:44:54]} b6
{[%clk 0:49:12]} 14. Rfd1 {[%clk 0:39:45]} Bb7 {[%clk 0:49:26]} 15. a4
{[%clk 0:39:36]} Rc8 {[%clk 0:48:16]} 16. a5 {[%clk 0:37:31]} Bc6
{[%clk 0:38:35]} 17. axb6 {[%clk 0:35:19]} Qxb6 {[%clk 0:38:41]} 18. Qxb6
{[%clk 0:35:06]} axb6 {[%clk 0:39:08]} 19. Nxe5 {[%clk 0:34:26]} Bxe5
{[%clk 0:39:17]} 20. Bxe5 {[%clk 0:34:31]} Rxe5 {[%clk 0:39:41]} 21. Bb5
{[%clk 0:33:51]} Bb7 {[%clk 0:39:52]} 22. Rxc8+ {[%clk 0:34:00]} Bxc8
{[%clk 0:40:14]} 23. Rc1 {[%clk 0:34:01]} Be6 {[%clk 0:40:36]} 24. Rc6
{[%clk 0:27:49]} d4 {[%clk 0:40:18]} 25. Rxb6 {[%clk 0:28:09]} dxe3
{[%clk 0:40:43]} 26. fxe3 {[%clk 0:28:22]} Rxe3 {[%clk 0:41:05]} 27. b4
{[%clk 0:27:12]} Bd5 {[%clk 0:40:53]} 28. Bc6 {[%clk 0:27:21]} Bxc6
{[%clk 0:38:04]} 29. Rxc6 {[%clk 0:27:43]} Rb3 {[%clk 0:38:30]} 30. Rc8+
{[%clk 0:28:03]} Kg7 {[%clk 0:38:54]} 31. Rb8 {[%clk 0:28:28]} Kf6
{[%clk 0:39:17]} 32. b5 {[%clk 0:28:17]} Ke7 {[%clk 0:39:10]} 33. Kf2
{[%clk 0:28:12]} h5 {[%clk 0:38:44]} 34. b6 {[%clk 0:27:19]} Kd7 {[%clk 0:35:45]}
35. Rb7+ {[%clk 0:24:25]} Kc8 {[%clk 0:30:26]} 36. Rxf7 {[%clk 0:23:16]} Rxb6
{[%clk 0:30:51]} 37. Kg3 {[%clk 0:22:38]} Kd8 {[%clk 0:31:16]} 38. h3
{[%clk 0:21:58]} Ke8 {[%clk 0:31:41]} 39. Rc7 {[%clk 0:21:52]} Kf8
{[%clk 0:31:53]} 40. Kf4 {[%clk 0:22:04]} 1/2-1/2

[Event "V4Liptov2018"]
[Site "?"]
[Date "2018.06.23"]
[Round "2.16"]
[White "Kovacs, Lilla"]
[Black "Kostelansky, Karol"]
[Result "0-1"]
[BlackElo "1607"]
[WhiteElo "1640"]
[LiveChessVersion "1.4.8"]

1. d4 {[%clk 1:00:47]} f5 {[%clk 0:59:51]} 2. c4 {[%clk 1:00:36]} e6
{[%clk 0:59:53]} 3. Nc3 {[%clk 1:00:12]} Nf6 {[%clk 0:59:49]} 4. Nf3
{[%clk 0:59:45]} Bb4 {[%clk 0:59:12]} 5. Bd2 {[%clk 0:59:14]} Bxc3
{[%clk 0:58:12]} 6. Bxc3 {[%clk 0:59:12]} b6 {[%clk 0:58:03]} 7. e3
{[%clk 0:59:04]} Bb7 {[%clk 0:58:10]} 8. Be2 {[%clk 0:58:48]} d6 {[%clk 0:57:54]}
9. O-O {[%clk 0:56:48]} Nbd7 {[%clk 0:57:54]} 10. b3 {[%clk 0:53:20]} O-O
{[%clk 0:57:13]} 11. Re1 {[%clk 0:50:46]} Qe8 {[%clk 0:54:58]} 12. Bd3
{[%clk 0:48:02]} Qh5 {[%clk 0:53:56]} 13. h3 {[%clk 0:44:08]} g5 {[%clk 0:52:25]}
14. Nh2 {[%clk 0:40:00]} Qh4 {[%clk 0:46:31]} 15. Nf3 {[%clk 0:37:20]} Qh6
{[%clk 0:43:24]} 16. d5 {[%clk 0:28:16]} Nc5 {[%clk 0:29:44]} 17. Bxf6
{[%clk 0:22:38]} Qxf6 {[%clk 0:29:30]} 18. Be2 {[%clk 0:20:37]} exd5
{[%clk 0:24:42]} 19. cxd5 {[%clk 0:20:59]} Ne4 {[%clk 0:24:26]} 20. Bc4
{[%clk 0:18:13]} g4 {[%clk 0:23:14]} 21. Nd4 {[%clk 0:16:57]} gxh3
{[%clk 0:23:18]} 22. Qh5 {[%clk 0:13:53]} hxg2 {[%clk 0:20:51]} 23. Kxg2
{[%clk 0:12:36]} Qg6+ {[%clk 0:15:03]} 24. Qxg6+ {[%clk 0:12:31]} hxg6
{[%clk 0:15:24]} 25. Rh1 {[%clk 0:12:09]} Nc3 {[%clk 0:13:49]} 26. Ne6
{[%clk 0:10:10]} Rf7 {[%clk 0:12:47]} 27. Rh6 {[%clk 0:09:50]} Rh7
{[%clk 0:11:14]} 28. Rxg6+ {[%clk 0:09:50]} Kf7 {[%clk 0:10:39]} 29. Rg3
{[%clk 0:07:48]} Kf6 {[%clk 0:10:16]} 30. Nf4 {[%clk 0:07:39]} Rah8
{[%clk 0:09:49]} 31. Rg6+ {[%clk 0:06:53]} Kf7 {[%clk 0:10:09]} 32. Rg1
{[%clk 0:06:00]} Ne4 {[%clk 0:06:13]} 33. Kf3 {[%clk 0:04:23]} Rh2
{[%clk 0:05:12]} 34. Rg7+ {[%clk 0:04:07]} Ke8 {[%clk 0:05:23]} 35. R1g2
{[%clk 0:02:23]} Rxg2 {[%clk 0:02:08]} 36. Rxg2 {[%clk 0:02:48]} Kf7
{[%clk 0:02:14]} 37. Ne6 {[%clk 0:00:56]} b5 {[%clk 0:00:59]} 38. Rg7+
{[%clk 0:00:45]} Kf6 {[%clk 0:01:28]} 39. Rxc7 {[%clk 0:01:03]} bxc4
{[%clk 0:01:56]} 40. Rxb7 {[%clk 0:01:20]} cxb3 {[%clk 0:02:19]} 41. axb3
{[%clk 0:01:13]} Rh2 {[%clk 0:02:48]} 42. Ke2 {[%clk 0:00:48]} Rxf2+
{[%clk 0:03:16]} 43. Ke1 {[%clk 0:00:43]} Ra2 {[%clk 0:03:05]} 44. Nd4
{[%clk 0:01:02]} a5 {[%clk 0:01:18]} 45. Rb8 {[%clk 0:00:50]} Ng3
{[%clk 0:00:40]} 46. Rf8+ {[%clk 0:01:02]} Ke5 {[%clk 0:00:49]} 47. Nb5
{[%clk 0:01:01]} Ra1+ {[%clk 0:00:43]} 48. Kf2 {[%clk 0:00:49]} Ne4+
{[%clk 0:01:11]} 49. Ke2 {[%clk 0:00:48]} Kxd5 {[%clk 0:00:37]} 50. Rxf5+
{[%clk 0:00:46]} Kc6 {[%clk 0:00:42]} 51. Nd4+ {[%clk 0:01:01]} Kd7
{[%clk 0:00:36]} 52. Rf7+ {[%clk 0:00:41]} Ke8 {[%clk 0:00:41]} 53. Ra7
{[%clk 0:00:59]} Nc5 {[%clk 0:01:02]} 54. Ra8+ {[%clk 0:00:47]} Kd7
{[%clk 0:01:26]} 55. Ra7+ {[%clk 0:01:11]} Kc8 {[%clk 0:01:44]} 56. Ra8+
{[%clk 0:01:13]} Kb7 {[%clk 0:01:29]} 57. Rh8 {[%clk 0:01:26]} Rb1
{[%clk 0:01:32]} 58. Rh7+ {[%clk 0:01:34]} Kb6 {[%clk 0:01:49]} 59. Rh8
{[%clk 0:01:23]} Ka7 {[%clk 0:01:10]} 60. Rh7+ {[%clk 0:01:42]} Ka6
{[%clk 0:01:31]} 61. Rh6 {[%clk 0:01:40]} Nb7 {[%clk 0:00:42]} 62. Kd2
{[%clk 0:00:51]} Kb6 {[%clk 0:00:55]} 63. Kc2 {[%clk 0:01:02]} Rg1
{[%clk 0:00:57]} 64. Nf5 {[%clk 0:00:55]} Kc5 {[%clk 0:01:25]} 65. Rh7
{[%clk 0:00:36]} Kc6 {[%clk 0:00:52]} 66. Rh6 {[%clk 0:00:57]} Rg5
{[%clk 0:01:12]} 67. Nd4+ {[%clk 0:01:07]} Kd5 {[%clk 0:01:17]} 68. Rh2
{[%clk 0:00:49]} Ke4 {[%clk 0:01:13]} 69. Kd2 {[%clk 0:00:51]} Nc5
{[%clk 0:01:05]} 70. Rh4+ {[%clk 0:00:55]} Kd5 0-1

[Event "V4Liptov2018"]
[Site "?"]
[Date "2018.06.23"]
[Round "2.17"]
[White "Vancura, Jakub"]
[Black "Ptacek, Jan"]
[Result "0-1"]
[BlackElo "1847"]
[WhiteElo "1737"]
[LiveChessVersion "1.4.8"]

1. d4 {[%clk 1:00:58]} Nf6 {[%clk 1:00:48]} 2. c4 {[%clk 1:01:23]} c5
{[%clk 1:01:10]} 3. d5 {[%clk 1:01:42]} d6 {[%clk 1:01:31]} 4. Nc3
{[%clk 1:01:51]} e6 {[%clk 1:01:54]} 5. e4 {[%clk 1:01:07]} exd5 {[%clk 1:02:16]}
6. exd5 {[%clk 1:01:13]} g6 {[%clk 1:02:20]} 7. Bd3 {[%clk 0:58:34]} Bg7
{[%clk 1:01:45]} 8. Nf3 {[%clk 0:56:52]} O-O {[%clk 1:02:03]} 9. O-O
{[%clk 0:56:52]} a6 {[%clk 1:00:53]} 10. a4 {[%clk 0:55:27]} Ng4 {[%clk 0:59:31]}
11. Bd2 {[%clk 0:48:24]} Nd7 {[%clk 0:58:28]} 12. Be2 {[%clk 0:42:22]} Nge5
{[%clk 0:55:54]} 13. Nxe5 {[%clk 0:40:43]} Nxe5 {[%clk 0:56:03]} 14. f4
{[%clk 0:40:45]} Nd7 {[%clk 0:53:08]} 15. Qc2 {[%clk 0:38:29]} Bd4+
{[%clk 0:51:02]} 16. Kh1 {[%clk 0:38:43]} f5 {[%clk 0:45:58]} 17. Bf3
{[%clk 0:34:01]} Bg7 {[%clk 0:45:38]} 18. Ne2 {[%clk 0:32:59]} Nf6
{[%clk 0:45:02]} 19. Bc3 {[%clk 0:31:21]} Bd7 {[%clk 0:42:46]} 20. Rfe1
{[%clk 0:26:07]} Re8 {[%clk 0:41:46]} 21. Ng1 {[%clk 0:24:05]} b5
{[%clk 0:36:56]} 22. Rxe8+ {[%clk 0:17:35]} Qxe8 {[%clk 0:32:02]} 23. axb5
{[%clk 0:15:23]} axb5 {[%clk 0:32:24]} 24. b3 {[%clk 0:13:24]} Rxa1
{[%clk 0:30:23]} 25. Bxa1 {[%clk 0:13:47]} bxc4 {[%clk 0:30:28]} 26. bxc4
{[%clk 0:13:09]} Qe3 {[%clk 0:27:04]} 27. Qe2 {[%clk 0:08:25]} Qxe2
{[%clk 0:24:08]} 28. Nxe2 {[%clk 0:08:39]} Bc8 {[%clk 0:23:41]} 29. Ng3
{[%clk 0:07:03]} Kf7 {[%clk 0:22:45]} 30. Nf1 {[%clk 0:04:42]} Bh6
{[%clk 0:21:01]} 31. g3 {[%clk 0:04:44]} g5 {[%clk 0:12:50]} 32. fxg5
{[%clk 0:04:20]} Bxg5 {[%clk 0:13:19]} 33. Kg2 {[%clk 0:03:09]} Nd7
{[%clk 0:12:34]} 34. Bh5+ {[%clk 0:02:42]} Kf8 {[%clk 0:11:00]} 35. h4
{[%clk 0:02:01]} Bc1 {[%clk 0:11:06]} 36. g4 {[%clk 0:01:29]} fxg4
{[%clk 0:10:42]} 37. Bxg4 {[%clk 0:01:48]} Nb6 {[%clk 0:11:03]} 38. Bxc8
{[%clk 0:02:13]} Nxc8 {[%clk 0:11:29]} 39. Kf3 {[%clk 0:01:34]} Nb6
{[%clk 0:10:30]} 40. Ne3 {[%clk 0:02:00]} Bxe3 {[%clk 0:10:14]} 41. Kxe3
{[%clk 0:02:26]} Nxc4+ {[%clk 0:10:38]} 42. Kd3 {[%clk 0:02:36]} Nb6
{[%clk 0:09:55]} 43. Ke4 {[%clk 0:02:33]} Kf7 {[%clk 0:07:00]} 44. h5
{[%clk 0:02:51]} Nc8 {[%clk 0:03:58]} 45. Bc3 {[%clk 0:01:44]} Ne7
{[%clk 0:02:50]} 46. Bb2 {[%clk 0:01:56]} Nc8 {[%clk 0:02:15]} 47. Bc3
{[%clk 0:02:12]} Na7 {[%clk 0:02:38]} 48. Bb2 {[%clk 0:01:26]} Nb5
{[%clk 0:03:03]} 49. Kd3 {[%clk 0:00:41]} Nd4 {[%clk 0:02:49]} 50. Bxd4
{[%clk 0:00:48]} cxd4 {[%clk 0:03:16]} 51. Kxd4 {[%clk 0:01:12]} Kf6
{[%clk 0:03:41]} 52. Ke4 {[%clk 0:00:59]} Kg5 {[%clk 0:03:43]} 53. h6
{[%clk 0:01:14]} Kg4 {[%clk 0:03:54]} 54. Kd3 {[%clk 0:00:50]} Kf3
{[%clk 0:04:07]} 55. Kd4 {[%clk 0:00:55]} Kf4 {[%clk 0:04:33]} 56. Kc3
{[%clk 0:00:36]} Ke3 {[%clk 0:04:54]} 57. Kc4 {[%clk 0:00:31]} Ke4
{[%clk 0:05:19]} 58. Kc3 {[%clk 0:00:43]} Kxd5 {[%clk 0:05:40]} 59. Kd3
{[%clk 0:01:05]} Ke5 {[%clk 0:05:58]} 60. Ke3 {[%clk 0:01:02]} Kf6
{[%clk 0:05:51]} 0-1